[Event "Moscow-ch"]
[Site "Moscow"]
[Date "2024.03.26"]
[Round "3"]
[White "Lavrik, Dmitry"]
[Black "Shogdzhiev, Roman Sav"]
[Result "1-0"]
[WhiteElo "2421"]
[BlackElo "1881"]
[PlyCount "159"]
[EventDate "2024.03.22"]
[EventType "swiss"]
[EventRounds "7"]
[EventCountry "RUS"]
[SourceTitle "CB15_2024"]
[SourceDate "2024.04.10"]
[SourceVersion "1"]
[SourceVersionDate "2024.04.10"]
[SourceQuality "1"]

1. d4 d5 2. c4 c6 3. Nc3 Nf6 4. Nf3 e6 5. Bg5 Be7 6. e3 h6 7. Bh4 Nbd7 8. Rc1 0-0 9. Bd3 dxc4 10. Bxc4 b5 11. Bd3 Bb7 12. 0-0 a6 13. Bxf6 Nxf6 14. Ne4 Nd7 15. a3 a5 16. Bb1 Rc8 17. Qd3 g6 18. h4 h5 19. Nfg5 Bxg5 20. hxg5 Qe7 21. Nc5 Nxc5 22. Rxc5 Rfd8 23. Rfc1 Rd5 24. f4 Rcd8 25. Qe2 Rxc5 26. Rxc5 Rd5 27. Rc1 Rd8 28. Be4 Rc8 29. Rc5 a4 30. Qc2 Qe8 31. Kf2 Kf8 32. Qc3 Qd7 33. Qb4 Ke8 34. Bf3 Rd8 35. Rc3 Qd6 36. Qa5 Kd7 37. Rc1 Qc7 38. Qc3 Qd6 39. g3 Rc8 40. e4 Kc7 41. Ke3 Kb6 42. Qc5+ Qxc5 43. dxc5+ Kc7 44. Rd1 Rd8 45. Rxd8 Kxd8 46. Kd4 Ke7 47. Ke5 Bc8 48. Bg2 Bd7 49. Bh3 Bc8 50. f5 exf5 51. exf5 Bd7 52. Bg2 Bxf5 53. Bxc6 Bd3 54. Bd5 Bf5 55. c6 Bc8 56. c7 Kd7 57. Bxf7 Kxc7 58. Bxg6 Kd8 59. Kf6 Bg4 60. Bf7 Bd1 61. g6 Bc2 62. g7 Bh7 63. Bxh5 Kd7 64. Bg6 Bg8 65. Bf7 Bh7 66. g4 b4 67. axb4 Kc6 68. Bc4 Kd6 69. g5 Kc6 70. g6 Bg8 71. Bxg8 Kb5 72. Ke5 Kxb4 73. Kd4 a3 74. bxa3+ Ka4 75. Bh7 Kxa3 76. g8Q Kb2 77. Qc4 Ka1 78. Qb4 Ka2 79. Kc3 Ka1 80. Qb2# 1-0

[Event "Wch Blitz"]
[Site "Samarkand"]
[Date "2023.12.30"]
[Round "15"]
[White "Kezin, Roman"]
[Black "Shogdzhiev, Roman Sav"]
[Result "1-0"]
[WhiteElo "2502"]
[BlackElo "1901"]
[PlyCount "67"]
[EventDate "2023.12.29"]
[EventType "swiss (blitz)"]
[EventRounds "21"]
[EventCountry "UZB"]
[SourceTitle "CB01_2024"]
[SourceDate "2024.01.03"]
[SourceVersion "1"]
[SourceVersionDate "2024.01.03"]
[SourceQuality "1"]

1. d4 d5 2. c4 c6 3. Nf3 Nf6 4. g3 g6 5. Bg2 Bg7 6. 0-0 dxc4 7. Nc3 0-0 8. e4 Bg4 9. h3 Bxf3 10. Bxf3 e6 11. e5 Nd5 12. Ne4 Qc7 13. h4 Nd7 14. b3 cxb3 15. axb3 c5 16. Ba3 Rfd8 17. Rc1 b6 18. Nd6 Qb8 19. Bxd5 exd5 20. Qf3 Rf8 21. Qxd5 cxd4 22. Nxf7 Rxf7 23. e6 Rf5 24. Qxd7 Qe8 25. Rfe1 Rd8 26. Qxa7 Re5 27. Rxe5 Bxe5 28. Qxb6 d3 29. Rd1 d2 30. e7 Rd3 31. Qe6+ Kh8 32. Qxe5+ Kg8 33. Bb2 Rd7 34. Qg7# 1-0

[Event "Wch Blitz"]
[Site "Samarkand"]
[Date "2023.12.30"]
[Round "16"]
[White "Shogdzhiev, Roman Sav"]
[Black "Sandipan, Chanda"]
[Result "1/2-1/2"]
[WhiteElo "1901"]
[BlackElo "2486"]
[PlyCount "99"]
[EventDate "2023.12.29"]
[EventType "swiss (blitz)"]
[EventRounds "21"]
[EventCountry "UZB"]
[SourceTitle "CB01_2024"]
[SourceDate "2024.01.03"]
[SourceVersion "1"]
[SourceVersionDate "2024.01.03"]
[SourceQuality "1"]

1. e4 c5 2. Nf3 d6 3. d4 cxd4 4. Nxd4 Nf6 5. Nc3 a6 6. g3 e6 7. Bg2 Qc7 8. 0-0 Be7 9. Be3 0-0 10. a4 Nc6 11. Nxc6 bxc6 12. a5 Nd7 13. Na4 Rb8 14. Nb6 c5 15. Nxc8 Rfxc8 16. Ra2 c4 17. Re1 Rb5 18. Qa1 Bf6 19. Bf1 d5 20. exd5 exd5 21. c3 Nc5 22. Bxc5 Qxc5 23. Qd1 Rxa5 24. Rxa5 Qxa5 25. Bg2 Rd8 26. Qe2 g6 27. Rd1 Qb5 28. Qf3 Kg7 29. Rxd5 Qxb2 30. Rxd8 Bxd8 31. Qd5 Bf6 32. Qxc4 a5 33. Bd5 Bxc3 34. Qc7 Kh6 35. Qf4+ g5 36. Qxf7 Qb1+ 37. Kg2 Qg6 38. Qf8+ Qg7 39. Qd6+ Qf6 40. Qd7 Bd4 41. f3 Bc5 42. Be4 Qe7 43. Qc6+ Kg7 44. Qa4 Bb4 45. Qa1+ Qf6 46. Qa2 Qd6 47. Kh3 Qd7+ 48. Kg2 Qd2+ 49. Qxd2 Bxd2 50. Bc2 1/2-1/2

[Event "EU-ch U08 30th"]
[Site "Antalya"]
[Date "2022.11.12"]
[Round "7"]
[White "Pasula, Milos"]
[Black "Shogdzhiev, Roman Sav"]
[Result "1/2-1/2"]
[WhiteElo "1647"]
[BlackElo "1747"]
[PlyCount "114"]
[EventDate "2022.11.06"]
[EventType "swiss"]
[EventRounds "9"]
[EventCountry "TUR"]
[SourceTitle "CBM 211 Extra"]
[Source "ChessBase"]
[SourceDate "2023.01.31"]
[SourceVersion "1"]
[SourceVersionDate "2023.01.31"]
[SourceQuality "1"]

1. Nf3 d5 2. g3 c6 3. Bg2 Bg4 4. h3 Bh5 5. 0-0 e6 6. d4 Nf6 7. c4 Nbd7 8. cxd5 exd5 9. Qb3 Nb6 10. Nc3 Bxf3 11. Bxf3 Be7 12. Bf4 0-0 13. Na4 Nxa4 14. Qxa4 Qd7 15. Kg2 Rfe8 16. b4 Ne4 17. Bxe4 dxe4 18. Rfd1 Qd5 19. Kg1 Qc4 20. Rac1 Qxe2 21. Rd2 Qh5 22. Kh2 Qd5 23. h4 h5 24. a3 a5 25. Rc5 Bxc5 26. dxc5 Qc4 27. Qc2 Qxc2 28. Rxc2 axb4 29. axb4 Red8 30. Bd6 f5 31. Rb2 b5 32. Kg2 Ra3 33. Kf1 Kf7 34. Ke2 Ke6 35. Rd2 Rb3 36. Rd4 Rd3 37. Rxd3 exd3+ 38. Kxd3 Rxd6+ 39. cxd6 Kxd6 40. Kd4 g6 41. f3 c5+ 42. bxc5+ Kc6 43. f4 Kd7 44. Ke5 Kc6 45. Kd4 Kb7 46. Kd5 Kc7 47. Ke5 Kd7 48. Kd5 Kc7 49. Ke5 b4 50. Kd4 Kc6 51. Kc4 b3 52. Kxb3 Kxc5 53. Kc3 Kd5 54. Kd3 Kc5 55. Kc3 Kd5 56. Kc2 Kc5 57. Kc3 Kd5 1/2-1/2

[Event "EU-ch U08 30th"]
[Site "Antalya"]
[Date "2022.11.07"]
[Round "2"]
[White "Shogdzhiev, Roman Sav"]
[Black "Kryshtafor, Maksym"]
[Result "1-0"]
[WhiteElo "1747"]
[BlackElo "1338"]
[PlyCount "83"]
[EventDate "2022.11.06"]
[EventType "swiss"]
[EventRounds "9"]
[EventCountry "TUR"]
[SourceTitle "CBM 211 Extra"]
[Source "ChessBase"]
[SourceDate "2023.01.31"]
[SourceVersion "1"]
[SourceVersionDate "2023.01.31"]
[SourceQuality "1"]

1. e4 c5 2. Nf3 d6 3. d4 cxd4 4. Nxd4 Nf6 5. Nc3 Nc6 6. Bg5 e6 7. Qd2 Be7 8. 0-0-0 a6 9. f4 Na7 10. e5 dxe5 11. fxe5 Nd7 12. Bxe7 Qxe7 13. Qf4 0-0 14. Bd3 Nc5 15. h4 Nxd3+ 16. Rxd3 Nb5 17. Ne4 Nxd4 18. Rxd4 b5 19. Nf6+ Kh8 20. Nxh7 Kxh7 21. Qe4+ Kg8 22. Qxa8 Bb7 23. Qa7 Qc7 24. Rd6 Rc8 25. Rd2 b4 26. Kb1 Qc6 27. Qd4 a5 28. h5 Qb5 29. h6 gxh6 30. Qf4 h5 31. Rxh5 Be4 32. Qg5+ Bg6 33. Rd8+ Qe8 34. Rxe8+ Rxe8 35. Rh1 Rc8 36. Qh6 Bxc2+ 37. Ka1 Bh7 38. Qxh7+ Kf8 39. Qh8+ Ke7 40. Qxc8 b3 41. Rc1 bxa2 42. Rc7# 1-0

[Event "Wch U08"]
[Site "Batumi"]
[Date "2022.09.27"]
[Round "11"]
[White "Shogdzhiev, Roman Sav"]
[Black "Ayyappan, Santhosh"]
[Result "1-0"]
[WhiteElo "1715"]
[BlackElo "1415"]
[PlyCount "83"]
[EventDate "2022.09.16"]
[EventType "swiss"]
[EventRounds "11"]
[EventCountry "GEO"]
[SourceTitle "EXT 2023"]
[Source "ChessBase"]
[SourceDate "2022.10.05"]
[SourceVersion "1"]
[SourceVersionDate "2022.10.05"]
[SourceQuality "1"]

1. e4 e6 2. d4 d5 3. exd5 exd5 4. Nf3 Nf6 5. Bd3 Bd6 6. 0-0 0-0 7. Bg5 h6 8. Bh4 Bg4 9. Nbd2 Nbd7 10. c3 c6 11. Qc2 Qc7 12. Bg3 Rfe8 13. Rae1 b6 14. Nh4 c5 15. Bxd6 Qxd6 16. h3 Rxe1 17. Rxe1 Be6 18. Ndf3 c4 19. Bf5 Re8 20. Ne5 Qc7 21. f4 Bxf5 22. Qxf5 Nxe5 23. fxe5 Ne4 24. Qg4 Re6 25. Nf5 Rg6 26. Qf4 Qd7 27. Kh2 f6 28. Rf1 Kh7 29. Ne3 b5 30. Qf5 Qe8 31. g4 fxe5 32. dxe5 Qc6 33. Rd1 Qc5 34. Rd4 Qc6 35. Nxd5 Ng5 36. h4 Kh8 37. Ne7 Nf3+ 38. Kg3 Qe6 39. Nxg6+ Kh7 40. Nf8+ Kg8 41. Qxe6+ Kxf8 42. Rf4# 1-0

[Event "Wch U08"]
[Site "Batumi"]
[Date "2022.09.24"]
[Round "8"]
[White "Shogdzhiev, Roman Sav"]
[Black "Llari, Marc"]
[Result "0-1"]
[WhiteElo "1715"]
[BlackElo "1800"]
[PlyCount "186"]
[EventDate "2022.09.16"]
[EventType "swiss"]
[EventRounds "11"]
[EventCountry "GEO"]
[SourceTitle "EXT 2023"]
[Source "ChessBase"]
[SourceDate "2022.10.05"]
[SourceVersion "1"]
[SourceVersionDate "2022.10.05"]
[SourceQuality "1"]

1. e4 c5 2. Nf3 e6 3. d4 cxd4 4. Nxd4 Nf6 5. Nc3 Nc6 6. Nxc6 bxc6 7. e5 Nd5 8. Ne4 Qc7 9. f4 Qb6 10. c4 Bb4+ 11. Ke2 f5 12. exf6 Nxf6 13. Be3 Qd8 14. Nd6+ Bxd6 15. Qxd6 Bb7 16. Rd1 Rc8 17. g4 c5 18. Rg1 Rf8 19. Bg2 Bxg2 20. Rxg2 Qb6 21. Qe5 Qc6 22. Kf2 Qe4 23. Qxe4 Nxe4+ 24. Kf3 Nf6 25. Rd6 Rc7 26. Rgd2 Ke7 27. h3 Nd5 28. R6xd5 exd5 29. Rxd5 d6 30. Bd2 Kd7 31. Rd3 Rb7 32. b3 Kc6 33. Re3 Rbf7 34. Re4 Kd7 35. Re1 g6 36. Rd1 Re7 37. Be3 Kc6 38. Bf2 Re6 39. Bg3 a5 40. Rd5 Ref6 41. h4 a4 42. h5 axb3 43. axb3 Rb8 44. Rd3 gxh5 45. gxh5 Rf5 46. Kg4 Rbf8 47. Re3 d5 48. Re6+ Kd7 49. cxd5 Rxd5 50. Re3 Rff5 51. Bh4 Rxh5 52. Re7+ Kc6 53. Rf7 Rh6 54. Bf2 Rg6+ 55. Kf3 h5 56. f5 Rg5 57. Rf6+ Kb5 58. Ke4 Rd2 59. Be3 Rg4+ 60. Kf3 Rd3 61. Re6 Rd5 62. Rf6 Kb4 63. Rf8 Kxb3 64. f6 Rf5+ 65. Ke2 c4 66. f7 Kc2 67. Rh8 Rxf7 68. Rxh5 Rg2+ 69. Ke1 Re7 70. Kf1 Rg4 71. Kf2 Rge4 72. Bb6 Rf7+ 73. Kg2 Re6 74. Ba5 Rg6+ 75. Kh1 Rf3 76. Rh4 c3 77. Bxc3 Kxc3 78. Kh2 Kd3 79. Ra4 Rf7 80. Ra3+ Kc4 81. Ra4+ Kb3 82. Rh4 Rgg7 83. Rd4 Kc3 84. Ra4 Rf8 85. Rh4 Kd3 86. Rh6 Ke4 87. Re6+ Kf3 88. Rh6 Kf2 89. Kh3 Kg1 90. Rh5 Rf2 91. Rg5+ Rxg5 92. Kh4 Rg8 93. Kh3 Rh2# 0-1